00553nam a2200193Ia 4500008004100000020001800041082000800059100002600067245003600093250000600129260002500135300001700160500002400177650001500201700002900216942000700245952009000252999001700342230524s9999 xx 000 0 und d a9780071072601 bMAH aS.C.Mahapatra 942742 0aPrinciples of Electromagnetics  a2 aNew DelhibTMHc2012 a"XIII,409p;" aQuantity Number: 1 aElectrical aSudipta Mahapatra942743 cBK 00104070aTATCLbTATCLcGENd2023-05-24l0o MAHp54089r2023-05-24w2023-05-24yBK c57724d57724